MDQL
is popping MORE tags! Check the
thread
!
Quizzes
Events
Quiz Creation
Community
Videos
Private Events
Remove Ads
Sign In
Join for FREE
Feedback
Dark Mode
Quiz Categories
Sports
Geography
Music
Movies
Television
Just For Fun
Miscellaneous
History
Literature
Language
Science
Gaming
Entertainment
Religion
Holiday
For Kids
Quiz Lab
Recent
Popular Today
Quiz Kudos Today
Editor Picks
Curator Picks
Quizzes by...
Day
Popularity
Type
Ratings
Length
Year
Community
Subscriptions
Recent Discussions
Orange Saloon
Badges
Playlists
Quests
Create
Leaderboards
Showdown
Live 5
Trivia Bingo
Activity
Puzzle Library
Sporcle Events
Private Events
Virtual Trivia
Globe League
Become a Host
Pub Owners
SporcleCon
Opinionation
Our Games
Videos
Blog
Mobile Apps
Partnerships
Remove Ads and Go Orange
Feedback
Sports
Athletes
MLB
NBA
NHL
NFL
Soccer
Sports Teams
WWE
NCAA
Football
Premier League
Basketball
Baseball
Hockey
Golf
Tennis
Cricket
Rugby
Auto Racing
Olympics
World Cup
Sports
Athletes
MLB
NBA
NHL
NFL
Soccer
Sports Teams
WWE
NCAA
Football
Premier League
Basketball
Baseball
Hockey
Golf
Tennis
Cricket
Rugby
Auto Racing
Olympics
World Cup
Random Quiz
Search Sporcle
×
Quiz Lab
Quiz Lab
Sports
2009-2010
Type in answers that appear in a list
Type in answers that appear in a list
Classic
Best Score? Go Orange.
StL Blues all time leading goal scorers Stats
Can you name the St. Louis Blues all-time leading goal scorers through 2009-2010?
By
StL_Dan
6m
30 Questions
304 Plays
304 Plays
304 Plays
Comments
Comments
Give Quiz Kudos
Give Quiz Kudos
-
- Ratings
hide this ad
Replay
Link that replays current quiz
Next Quiz
Link to next quiz in quiz playlist
You Got
0%
They Got
Avg Score
38%
Avg Friend Score
Upgrade to see
Score Distribution
Jump to the score distribution portion of the page
Score
0/30
Timer
06:00
0
Plays Today
Goals
Player
% Correct
527
Brett Hull
96.7%
352
Bernie Federko
82.9%
127
Al MacInnis
76.6%
84
Chris Pronger
72%
208
Keith Tkachuk
69.7%
156
Brendan Shanahan
64.1%
303
Brian Sutter
61.2%
204
Pavol Demitra
59.5%
134
Pierre Turgeon
58.6%
94
Brad Boyes
51.3%
292
Gary Unger
47%
172
Red Berenson
44.7%
149
Doug Gilmour
42.8%
125
Scott Young
40.8%
151
Joe Mullen
37.5%
Goals
Player
% Correct
106
Geoff Courtnall
36.8%
80
Jeff Brown
30.9%
155
Wayne Babych
29.9%
91
Gino Cavallini
21.7%
139
Perry Turnbull
19.7%
112
Mark Hunter
16.8%
161
Jorgen Pettersson
15.8%
123
Larry Patey
12.8%
109
Greg Paslawski
12.5%
86
Blake Dunlop
11.2%
83
Chuck Lefley
9.9%
104
Pierre Plante
9.2%
86
Frank St. Marseille
8.9%
136
Gary Sabourin
8.2%
76
Mike Zuke
7.9%
Quiz Playlist
Details
Report
Send in Message
Add To Playlist
Classic:
Type in answers that appear in a list
Quiz Source
Last Updated: Feb 16, 2017
Quiz Scoreboard
CHALLENGE
Sign Up to Join the Scoreboard
Show All
Scores
Hide
Comments
May contain spoilers
Recently Published
Holiday 10x10 Sorting Gallery
by lukepisani3
Holiday
15m
Two Season TV Shows II
by 123Four
Television
10m
Image Sorting: Flags VI
by Barbecue
Geography
2m
More to Explore
Quiz From the Vault
Featured Blog Post
14 Easter Pick-up Lines to Find Eggs With
hide this ad
You Might Also Like...
Tags
2009-2010
blue
goal
Leading
loud
Player
Scorer
stl
St Louis
Today's Top Quizzes in Sports
Browse Sports
hide this ad
Today's Top Quizzes in 2009-2010
Browse 2009-2010
Top Contributed Quizzes in Sports
1
Les meilleurs buteurs des matchs entre le PSG et l’OM
2
Les entraîneurs de l'OM et du PSG au 21e siècle
3
2022 World Cup Stars
4
Les joueurs passés par le PSG et l'OM
5
Players with Multiple 50 Home Run Seasons
6
FIFA Club World Cup Champions
7
Top 10 NHL Goal Scorers of All Time
8
Les joueurs passés par le LOSC et le RC Lens
9
Criteria MLB: Left Handed Sluggers
10
2023 MLB Unique Player Accomplishments
Explore More
Trending Topics
Anime
Kpop
Disney
Marvel
Harry Potter
Crossword
NBA
Soccer
The Office
Country
Pokémon
WWE
NFL
Puzzle
Song
hide this ad
More By:
StL_Dan
Quiz
Plays
Rating
Category
Featured
Created
StL Blues all time leading goal scorers
304
5.00
Sports
Jun 23, 2010
NAIA Football Champions
243
3.25
Sports
May 28, 2010
NAIA D2 M Basketball Champs 1992-2014
44
3.50
Sports
May 28, 2010
NAIA DI M BASKETBALL CHAMPIONS
34
3.00
Sports
Oct 28, 2014
Go to Creator's Profile
Score Distribution
Quiz Creator Spotlight
StL_Dan
Follow
Send a Message
Quizzes Created
-
Created Quiz Play Count
-
More By This Creator
Popular Quizzes Today
1
Find the US States - No Outlines Minefield
2
Colored Red Africa Blitz
3
Find the 'City' Movie
4
The Countries of the World
5
5x2 Blitz: Bands
6
Find the US States
7
Find the Countries of Europe - No Outlines Minefield
8
US States
More Sports Quizzes
NBA Champion with Three Different Teams
Quiz Lab
Trending Quizzes
Colored Red Europe Blitz I
Colored Red Europe Blitz II
Colored Red Africa Blitz II
Colored Red Europe Blitz III
Colored Red Africa Blitz III
Recently Updated
Odd Team Out - Big 4 Players
pecheneg
Quick Pick: 20 Twenties
pecheneg
March Madness Men's Triple Doubles
pecheneg
How Do You Spell That?
pecheneg
Godzilla Movies
pecheneg
Grab Bag: 4-10 Letters
pecheneg
2024 March Madness Bracket
pecheneg
Famous TV Couples
Peacemaker
Champions League XIs: Real Madrid
pecheneg
Largest US Cities 1790-2010
pecheneg
Trending Topics
Kpop
Anime
NBA
Harry Potter
Crossword
Marvel
Disney
NFL
Country
Song
Soccer
WWE
Puzzle
The Office
Pokémon
Your Account Isn't Verified!
In order to create a playlist on Sporcle, you need to verify the email address you used during registration. Go to your
Sporcle Settings
to finish the process.
Report this User
Report this user for behavior that violates our
Community Guidelines
.
Details:
Send Report
Go to the Sporcle.com Mobile Site →
Comments